Belarus Map Quiz - Rajony (2nd level country division) - Statistics

General Stats
  • This quiz has been taken 130 times
  • The average score is 44 of 118
Answers on the Map
Answers color-coded by a green-red scale on the quiz's map according to % correct below.
 
Answer Stats
Answer % Correct
Hrodzenski
73%
Minski
69%
Brestski
62%
Homelski
62%
Pinski
62%
Baranavitski
58%
Vitebski
58%
Babruiski
54%
Kamianetski
54%
Barysauski
50%
Dziarzhynski
50%
Lagoiski
50%
Mahiliouski
50%
Polatski
50%
Ashmianski
46%
Astravetski
46%
Braslauski
46%
Dziatlauski
46%
Krupski
46%
Lidski
46%
Maladzechanski
46%
Navagrudski
46%
Aktsiabrski
42%
Arshanski
42%
Beshankovitski
42%
Chervenski
42%
Haradotski
42%
Malarytski
42%
Miadzelski
42%
Niasvizhski
42%
Pastauski
42%
Rechytski
42%
Smaliavitski
42%
Smargonski
42%
Stolinski
42%
Ushatski
42%
Valozhynski
42%
Berastavitski
38%
Biarezinski
38%
Biarozauski
38%
Dobrushski
38%
Dokshytski
38%
Hlybotski
38%
Mastouski
38%
Mazyrski
38%
Mstsislauski
38%
Puhavitski
38%
Salihorski
38%
Sharkaushchynski
38%
Talachynski
38%
Uzdzenski
38%
Vileiski
38%
Zhabinkauski
38%
Brahinski
35%
Byhauski
35%
Chashnitski
35%
Drahichynski
35%
Elski
35%
Iueuski
35%
Ivanauski
35%
Ivatsevichski
35%
Kapylski
35%
Karelitski
35%
Karmianski
35%
Kastsiukovitski
35%
Kirauski
35%
Lioznenski
35%
Loeuski
35%
Miorski
35%
Pruzhanski
35%
Sennenski
35%
Shchuchynski
35%
Shumilinski
35%
Slonimski
35%
Slutski
35%
Staradarozhski
35%
Svislatski
35%
Verhniadzvinski
35%
Voranauski
35%
Zhytkavitski
35%
Asipovitski
31%
Bialynitski
31%
Buda-Kashaliouski
31%
Dubrovenski
31%
Hantsavitski
31%
Horatski
31%
Kalinkavitski
31%
Khoinitski
31%
Khotimski
31%
Kletski
31%
Kobrynski
31%
Krychauski
31%
Lepelski
31%
Liubanski
31%
Luninetski
31%
Naraulianski
31%
Shklouski
31%
Staubtsouski
31%
Svetlahorski
31%
Vaukavyski
31%
Zelvenski
31%
Zhlobinski
31%
Chacherski
27%
Drybinski
27%
Hluski
27%
Krasnapolski
27%
Kruhlianski
27%
Lelchytski
27%
Liahavitski
27%
Petrykauski
27%
Rahachouski
27%
Slauharadski
27%
Chavuski
23%
Cherykauski
23%
Klimavitski
23%
Rasonski
23%
Klichauski
19%
Vetkauski
19%
No matching quizzes found
Score Distribution
Percent of People with Each Score
Percentile by Number Answered
Your Score History
You have not taken this quiz